000 01057nam a22002057a 4500
999 _c57546
_d57546
003 Ge_BSU
005 20200728110945.0
008 200728s2015 xxu||||| |||| 00| 0 geo d
020 _a9789941940620
041 _ageo
080 _a342.9(479.22)(094.4) : 352(479.22)(094.4) ზ-44
100 _aზენაიშვილი, ამირან.
_99061
245 _aსაქართველოს ორგანული კანონი : დგილობრივი თვითმმართველობის კოდექსის კომენტარები /
_cამირან ზენაიშვილი.
250 _aმე-2 გადამუშავებული გამოცემა
264 _aთბილისი :
_bიურისტის სამყარო,
_c2015.
300 _a288 გვ.:
_c20 სმ.
653 _aსაქართველოს ადმინისტრაციული კოდექსი
653 _aსამართალი
942 _2udc
_cBK